| 000 | 00466nam a22001697a 4500 | ||
|---|---|---|---|
| 999 |
_c164161 _d164161 |
||
| 005 | 20190513124616.0 | ||
| 010 | _a A-608391 | ||
| 020 | _a817189450 | ||
| 035 | _aA-6089450 | ||
| 037 | _bA Writers Workshop Redbird Book | ||
| 082 | _a881 | ||
| 100 | _aParmar, Renu Singh. | ||
| 245 |
_aOvarian sentiments / _cRenu Singh Parmar. |
||
| 260 |
_bA Writers Workshop Redbird Book _c1993 |
||
| 300 |
_a43p _c22cm (hbk) |
||
| 942 |
_2ddc _cEN _h881 _mPAR |
||